Мы наш, народный, спорт поднимем…; "Русь" юбилейная

Bibliographic Details
Parent link:"Русь" юбилейная.— 2009.— [С. 74-76]
Main Author: Чубик П. С. Петр Савельевич
Summary:Заглавие с экрана
Language:Russian
Published: 2009
Subjects:
Online Access:http://past.tpu.ru/files/rus-ps.pdf
Format: Electronic Book Chapter
KOHA link:https://koha.lib.tpu.ru/cgi-bin/koha/opac-detail.pl?biblionumber=637721

MARC

LEADER 00000naa0a2200000 4500
001 637721
005 20250123095112.0
035 |a (RuTPU)RU\TPU\network\1889 
035 |a RU\TPU\network\1876 
090 |a 637721 
100 |a 20141013d2009 k||y0rusy50 ca 
101 0 |a rus 
102 |a RU 
135 |a drcn ---uucaa 
181 0 |a i  
182 0 |a b 
200 1 |a Мы наш, народный, спорт поднимем…  |f П. С. Чубик 
203 |a Текст  |c электронный 
300 |a Заглавие с экрана 
463 |t "Русь" юбилейная  |o к 10-летию Северской детско-юношеской спортивной школы национальных видов спорта  |v [С. 74-76]  |d 2009 
610 1 |a электронный ресурс 
610 1 |a труды учёных ТПУ 
700 1 |a Чубик  |b П. С.  |c российский геолог  |c профессор, ректор Томского политехнического университета (с 2008 г.)  |f 1954-  |g Петр Савельевич  |3 (RuTPU)RU\TPU\pers\24546 
801 1 |a RU  |b 63413507  |c 20141010 
801 2 |a RU  |b 63413507  |c 20141030  |g RCR 
856 4 |u http://past.tpu.ru/files/rus-ps.pdf 
942 |c CF